El Aumento de las penas: recorrido normativo de la irreflexión /
Պահպանված է:
| Հիմնական հեղինակ: | |
|---|---|
| Ձևաչափ: | Տեքստ |
| Խորագրեր: | |
| Ցուցիչներ: |
Ավելացրեք ցուցիչ
Չկան պիտակներ, Եղեք առաջինը, ով նշում է այս գրառումը!
|
MARC
| LEADER | 00000 a a2200000 04500 | ||
|---|---|---|---|
| 001 | 18514 | ||
| 003 | |||
| 040 | |||
| 100 | |a Sánchez Ureña, Héctor | ||
| 245 | |a El Aumento de las penas: |b recorrido normativo de la irreflexión / |c Héctor Sánchez Ureña | ||
| 650 | |a PRISIONES | ||
| 650 | |a PRISIONEROS | ||
| 650 | |a VIOLENCIA | ||
| 650 | |a SANCIONES PENALES | ||
| 650 | |a SOCIEDAD | ||
| 650 | |a PROBLEMAS SOCIALES | ||
| 650 | |a DERECHO PENAL | ||
| 650 | |a ESTADO | ||
| 773 | |g número 21; páginas 87-95 | ||
| 999 | |c 32624 |d 32624 | ||
